000 00366nam a2200133Ia 4500
008 240624s9999 xx 000 0 und d
041 _aeng
082 _a658.4063 HAN
100 _aHANCOCK PHILIP
245 _aUNDERSTANDING CORPORATE LIFE
260 _c2010
_aNew Delhi
_bSage Publications India Pvt Ltd
300 _aviii, : 208 : p. : cm. ; 24
365 _cBPS
_b25
999 _c18010
_d18010